000 00549nam a22001937a 4500
005 20171016111944.0
010 _a1718EN-30
020 _a978113768369
_c495.00
037 _bAtlantic
_adpl
100 _aMarsh, Nicholas
245 _aJane austen :
_cby Nicholas Marsh
_bthe novels /
260 _aNew York
_bPalgrave Macmillan
_c2016
270 _a175, Fifth Avaenue,
_bNew York
_eNY-10010
300 v _aix,276p.
_c21cm(pbk)
500 _a Includes index
700 _a
942 _2ddc
_cEN
_mMAR
999 _c145346
_d145346